00361 a2200133 450000100060000002000150000604000220002110000180004324000630006124500580012430000070018236200090018965000290019867202 a857478169X cAnchieta - Pituba aClemen, Paulo10aComo implantar uma área de comunicação interna lpor10aComo implantar uma área de comunicação interna  a760 a2005 4aMeios de comunicação